| 000 | 00692nam a2200193Ia 4500 | ||
|---|---|---|---|
| 008 | 151119s9999||||xx |||||||||||||| ||und|| | ||
| 082 | _a294.592 | ||
| 082 | _bGKKV22446 | ||
| 100 | _aरेळेकर निवृत्तीनाथ | ||
| 245 | _aग्रंथ श्रेष्ठ ज्ञानदेवी | ||
| 260 | _a-- | ||
| 260 | _b-- | ||
| 260 | _c0 | ||
| 600 | _aरेळेकर निवृत्तीनाथ | ||
| 630 | _aग्रंथ श्रेष्ठ ज्ञानदेवी | ||
| 700 | _aरेळेकर निवृत्तीनाथ | ||
| 730 | _aग्रंथ श्रेष्ठ ज्ञानदेवी | ||
| 942 | _cBOOK | ||
| 999 |
_c1075188 _d1075185 |
||